[Event "Mortara op"]
[Site "Mortara"]
[Date "2016.09.??"]
[Round "2.4"]
[White "Unterthurner, Hans"]
[Black "Barbero, Marco"]
[Result "1-0"]
[WhiteElo "1923"]
[BlackElo "1931"]
[PlyCount "71"]
[EventDate "2016.09.??"]
[EventType "swiss"]
[EventRounds "5"]
[EventCountry "ITA"]
[SourceTitle "EXT 2024"]
[Source "ChessBase"]
[SourceDate "2023.10.10"]
[SourceVersion "1"]
[SourceVersionDate "2023.10.10"]
[SourceQuality "1"]

1. e4 Nc6 2. Nf3 Nf6 3. d3 d5 4. e5 Nd7 5. d4 Nb6 6. c3 Bg4 7. Bd3 e6 8. 0-0 Be7 9. Nbd2 Bh5 10. Re1 Bg6 11. Nf1 Bxd3 12. Qxd3 a5 13. a4 h5 14. h4 Bxh4 15. Nxh4 Qxh4 16. Re3 Qe7 17. Rg3 g6 18. b3 Qd7 19. Bg5 Ne7 20. Bf6 Rg8 21. Ne3 Nf5 22. Nxf5 exf5 23. Qe3 Qe6 24. Rd1 Nd7 25. Bh4 Nf8 26. c4 c6 27. cxd5 Qxd5 28. Qg5 Qd7 29. d5 Ne6 30. Qf6 Nf4 31. Re3 cxd5 32. e6 fxe6 33. Rxd5 Qc7 34. Rxe6+ Nxe6 35. Qxe6+ Kf8 36. Rd7 1-0

[Event "Robecchetto op-A 24th"]
[Site "Robecchetto"]
[Date "2013.12.29"]
[Round "5"]
[White "Siclari, Giovanni"]
[Black "Barbero, Marco"]
[Result "1-0"]
[WhiteElo "2081"]
[BlackElo "1990"]
[PlyCount "53"]
[EventDate "2013.12.27"]
[EventType "swiss"]
[EventRounds "6"]
[EventCountry "ITA"]
[SourceTitle "EXT 2015"]
[Source "ChessBase"]
[SourceDate "2014.11.20"]
[SourceVersion "1"]
[SourceVersionDate "2014.11.20"]
[SourceQuality "1"]

1. Nf3 d5 2. d4 Nf6 3. c4 e6 4. Nc3 c6 5. Bg5 h6 6. Bh4 dxc4 7. e4 g5 8. Bg3 b5 9. Be2 Bb7 10. h4 g4 11. Ne5 h5 12. 0-0 Nbd7 13. Qc2 Qb6 14. Rfd1 Nxe5 15. Bxe5 Rh6 16. a4 Nd7 17. a5 Qa6 18. Bf4 Rh8 19. b3 c5 20. bxc4 bxc4 21. d5 e5 22. Bg3 Rc8 23. Qa4 Qf6 24. Bxc4 a6 25. Rab1 Ba8 26. Rb6 Bd6 27. Rxa6 1-0